000 00659nam a2200241Ia 4500
003 OSt
005 20220928114644.0
006 a|||||r|||| 00| 0
007 ta
008 220927b |||||||| |||| 00| 0 eng d
024 _a41003
037 _cTextual
040 _aSDCL
_cSDCL
_beng
041 _2eng
_aeng
082 _aR:(Q), M5
100 _aKellenberger J
_9440171
245 0 _aCognitivity of religion
_b Three perspectives.
260 _aLondon
_bMacmillan
_c1985
300 _ax,214p.
_ccm.
490 _aLibrary of philosophy and religion.
942 _hR:(Q), M5
_cTEXL
_2CC
999 _c755785
_d755785